UK Town and City Trivia - Cambridge - Statistics

General Stats
  • This quiz has been taken 35 times
  • The average score is 10 of 15
Answer Stats
Hint Answer % Correct
River that flows through central Cambridge Cam
97%
First name of the person who became Duchess of Cambridge in 2011 Catherine
94%
Iconic, stone covered bridge at St John's College Bridge of {Sighs}
87%
University of Cambridge college that has a renowned choral choir King's College
84%
Cambridge University's renowned student comedy society Footlights
81%
Romantic poet who was a student at Trinity College in the 1800s Lord Byron
77%
Well respected naturalist, and alumnus of Clare College in Cambridge David Attenborough
71%
Cambridge born singer and actress who starred in the musical film 'Grease' Olivia Newton-John
71%
Cambridge hospital that is also an internationally acclaimed transplant centre Addenbrooke's
65%
Cambridge museum housing a huge collection of antiquities and modern art Fitzwilliam
58%
Rock band whose founders include Cambridge born Syd Barrett and David Gilmour Pink Floyd
52%
Popular name of the wooden bridge that links two parts of Queens' College {Mathematical} Bridge
48%
Name given to the cluster of high tech businesses centred on Cambridge Silicon {Fen}
42%
Commonwealth leader whose head is interred at Sidney Sussex College Oliver Cromwell
39%
BBC radio comedy created by Cambridge born author, Douglas Adams The Hitchhiker's Guide to the Galaxy
32%
No matching quizzes found
Score Distribution
Percent of People with Each Score
Percentile by Number Answered
Your Score History
You have not taken this quiz